Ont-ils déjà joué avec... Daniel Craig ? - Statistiques

Statistiques générales
  • Ce quiz a été pris 16 fois
  • Le résultat moyen est 3 sur 10
Answers on the Grid
Answers color-coded by a green-red scale on the quiz's grid according to % correct below.
Timothy Dalton
Tilda Swinton
Johnny Depp
Dick Van Dyke
Diane Kruger
Paul McCartney
Gemma Arterton
Adèle Exarchopoulos
Sean Connery
Maggie Gyllenhaal
Simon Pegg
Val Kilmer
Jamie Lee Curtis
Audrey Tautou
Cate Blanchett
Nicole Kidman
Rachel Weisz
Megan Fox
Halle Berry
Cillian Murphy
 
Statistiques - réponses
Réponse % Correct
Rachel Weisz
53%
Cate Blanchett
33%
Nicole Kidman
33%
Cillian Murphy
27%
Gemma Arterton
27%
Jamie Lee Curtis
27%
Simon Pegg
20%
Tilda Swinton
20%
Halle Berry
13%
Megan Fox
7%
Aucun quiz correspondant
Distribution des résultats
% des personnes avec chaque résultat
Percentile par nombre de réponses
Votre historique - résultats
Vous n’avez pas pris ce quiz